000 003550000a22001450004500
003 MACL
040 _aMACL
090 _c1533
_d1533
100 _aHazarika, Punya
245 _aThe Kirtan
_bAn English Version Of Some Chapter Of The Sacred Book
260 _aGuwahati
_bMrs. Beenapani Das
_c2006
350 _a40
650 _aReligion
942 _cBOOK
_k294.5
999 _c1521
_d1521